01781nam a2200313 a 450000100100000000500170001000800410002702000180006804000250008608200280011110000300013924500940016925000110026326000400027430000350031450000650034950500610041459000270047570000360050295201230053895201230066195201080078495201140089295201080100695201140111495201080122895201140133699900170145000004729020201002053523.0180426s2017 dr a r 000 0 spa d a9789945195286 aDO-SdBNPbspacBNPHU axxxxbG643L, 6to., 20171 aGonzález, Mirtha97490610aLengua española 6 :beducación primaria /cMirtha Gonzalez, editor Jorge Zamora Mato. a2a.ed. aSanto Domingo :bSantillana,c2017. a3v. :bil. ;c28 cm. +eCD-ROM aActualización según el nuevo diseño curricular oficial0 gv.1.tLibro textogv.2.tCuaderno, fichas de actividades aInventariado, 2018/MFF1 aZamora Mato, Jorge,eed.974905 001054708PDaGRbGRcHDd2018-04-26iLF1l0ov. 1, e. 3p47290-30r2020-06-25w2020-06-25yLFPDZPréstamo en sala 001154708PDaGRbGRcMId2018-12-13iLF1l0ov. 3, e. 3p47290-80r2020-06-25w2020-06-25yLFPDZPréstamo en sala 0010718PDaPDbPDcHDd2018-04-26iLF1l0ov. 1p47290-10r2020-06-25w2020-06-25yLFPDZNo se presta 0010718PDaPDbPDcHDd2018-04-26iLF1l0ov. 1, e. 2p47290-20r2020-06-25w2020-06-25yLFPDZNo se presta 0010718PDaPDbPDcHDd2018-12-13iLF1l0ov. 2p47290-40r2020-06-25w2020-06-25yLFPDZNo se presta 0010718PDaPDbPDcHDd2018-12-13iLF1l0ov. 2, e. 2p47290-50r2020-06-25w2020-06-25yLFPDZNo se presta 0011718PDaPDbPDcMId2018-12-13iLF1l0ov. 3p47290-60r2020-06-25w2020-06-25yLFPDZNo se presta 0011718PDaPDbPDcMId2018-12-13iLF1l0ov. 3, e. 2p47290-70r2020-06-25w2020-06-25yLFPDZNo se presta c46778d46778